| 000 | 00857cam a22002531a 4500 | ||
|---|---|---|---|
| 001 | 80273 | ||
| 003 | BD-RjUL | ||
| 005 | 20220831154657.0 | ||
| 008 | 220831r19661962enk d 000 0 eng | ||
| 035 | _a(BD-RjUL)80273 | ||
| 040 |
_aBD-RjUL _beng _cBD-RjUL |
||
| 041 | _aeng | ||
| 082 | 0 | 4 |
_a903 _223 _bCON 1966 |
| 100 | 1 |
_aCollison, Robert L. _q(Robert Lewis), _d1914- _94579 |
|
| 245 | 1 | 0 |
_aNewnes Dictionary of dates / _ccompiled by Robert Collison. |
| 246 | 3 | _aNewnes Dictionary of dates and Anniversries | |
| 250 | _a2nd revised ed. | ||
| 260 |
_aLondon, _bNewnes, _c1966. |
||
| 300 |
_a428 p. ; _c20 cm. |
||
| 500 | _aAmerican editions published 1962-under title: Dictionaryof dates. | ||
| 650 | 0 |
_aCalendars. _94580 |
|
| 650 | 0 |
_aAnniversaries _xDictionaries. _94581 |
|
| 942 |
_2ddc _cREF |
||
| 999 |
_c80273 _d80273 |
||